La Vieja y la nueva ciudad /
Descripción Física:
Il·lustracions
Colección:
San Jorge,
; núm. 19 (juliol 1955), pàg 26-29
Otros Autores:
Léonard, Jacques, 1909-1995
Idioma:
Español
MARC
| LEADER | 00000naa a2200000 a 4500 | ||
|---|---|---|---|
| 003 | Arxiu | ||
| 005 | 20260324181034.0 | ||
| 008 | 160829s1955 spcaxx s spa c 000 0 cat d | ||
| 040 | |a AGDB | ||
| 100 | |a Robert, Gabriel |9 29588 | ||
| 245 | 1 | 0 | |a La Vieja y la nueva ciudad / |c Gabriel Robert |
| 300 | |b Il·lustracions | ||
| 490 | |a San Jorge, |v núm. 19 (juliol 1955), pàg 26-29 | ||
| 500 | |a Fotografies: Jaques Léonard | ||
| 651 | 0 | |a Vilanova i la Geltrú |9 50831 | |
| 651 | 0 | |a Vilanova i la Geltrú (Catalunya) |9 55445 |x Descripcions i viatges | |
| 700 | 1 | |9 55136 |a Léonard, Jacques, |d 1909-1995 |e fotografies | |
| 773 | |g Núm. 19 (juliol 1955), pàg 26-29 |t San Jorge. | ||
| 901 | |a Arxiu | ||
| 942 | |n 1 |2 udc |c ART | ||
| 952 | |0 0 |1 0 |4 0 |6 REV510 |7 1 |9 65194 |a Arxiu |b Arxiu |d 2023-02-01 |l 0 |o Rev-510 |r 2023-02-01 00:00:00 |w 2023-02-01 |y ARXIU |z També disponible a Rev-524 | ||
| 999 | |c 48172 |d 48172 | ||